000 00649nam a22001817a 4500
003 UA-OsUOA
001 16080
007 ta
008 20031219b un ||||| |||| 00| 0 ukr d
100 _aСенюта В.
942 _cSA
040 _aUA-OsUOA
_cUA-OsUOA
_dUA-OsUOA
245 _aВдосконалюємо роботу первинних
_b[Про основні напрямки роботи обл. орг. профспілок працівників ліс. госп-ва]
300 _aС.2
955 _a0
773 0 _w0
_tЗа відродження
_dРівне
_d2003
_g№50/12 груд/
650 7 _aКраєзнавча робота
_2UDC
999 _c302245
_d302245